[Event "298th YMCA Winter C pff"]
[Site "Warsaw"]
[Date "2025.03.20"]
[Round "11"]
[White "Szuszkiewicz, Stanislaw"]
[Black "Wiktorowski, Janusz"]
[Result "1/2-1/2"]
[WhiteElo "1629"]
[BlackElo "1581"]
[PlyCount "132"]
[EventDate "2025.03.12"]
[EventType "tourn"]
[EventRounds "2"]
[EventCountry "POL"]
[SourceDate "2025.01.07"]

1. e4 e5 2. Nf3 Nc6 3. Bc4 Bc5 4. c3 Nf6 5. d3 O-O 6. h3 h6 7. Bb3 d6 8. Nbd2
Ne7 9. Nf1 Ng6 10. Ng3 Kh7 11. O-O Nf4 12. d4 Bb6 13. dxe5 dxe5 14. Nxe5 Qxd1
15. Rxd1 Ne6 16. Nf3 Nc5 17. Bc2 g6 18. Be3 Be6 19. Bxc5 Bxc5 20. b3 Rad8 21.
Kf1 a5 22. a4 Rd7 23. Rxd7 Nxd7 24. Ke2 f6 25. Rd1 Ne5 26. Nxe5 fxe5 27. f3 h5
28. Nf1 Kg7 29. Ne3 c6 30. g4 Kh6 31. Rb1 Kg5 32. Ng2 hxg4 33. hxg4 Bxg4 34.
Ne1 Bh5 35. Rd1 Rf7 36. Rd8 Kh4 37. Re8 Bd6 38. Re6 Bc7 39. Kf2 Kh3 40. Bd1 Rd7
41. Be2 Rd2 42. Nd3 Bb6+ 43. Ke1 Be3 44. Nxe5 Rc2 45. Rf6 Rxc3 46. Nxg6 Rxb3
47. Nf4+ Bxf4 48. Rxf4 Kg3 49. Rf5 Bxf3 50. Rxf3+ Rxf3 51. Bxf3 Kf4 52. Kd2 b5
53. Kc3 bxa4 54. Kb2 c5 55. Ka3 Ke5 56. Kxa4 c4 57. Ka3 Kd4 58. Kb2 a4 59. Kb1
c3 60. Kc2 a3 61. Kb1 Kd3 62. Bd1 Kxe4 63. Ka2 Kd3 64. Kxa3 Kd2 65. Ba4 c2 66.
Bxc2 Kxc2 1/2-1/2